<?xml version="1.0" encoding="UTF-8"?>
<collection xmlns="http://www.loc.gov/MARC21/slim">
  <record>
    <leader>00000nam  2200000   4500</leader>
    <controlfield tag="001">INLIS000000000015699</controlfield>
    <controlfield tag="005">20230823112801</controlfield>
    <datafield tag="035" ind1="#" ind2="#">
      <subfield code="a">0010-0823000025</subfield>
    </datafield>
    <controlfield tag="007">ta</controlfield>
    <controlfield tag="008">230823################|##########|#|##</controlfield>
    <datafield tag="084" ind1="#" ind2="#">
      <subfield code="a">R 017 PIM II 2022</subfield>
    </datafield>
    <datafield tag="100" ind1=" " ind2="#">
      <subfield code="a">Denny Setiawan</subfield>
    </datafield>
    <datafield tag="245" ind1="1" ind2="#">
      <subfield code="a">Totalitas Akselerasi Penyediaan Frekuensi dalam Rangka Percepatan Transformasi Digital /</subfield>
      <subfield code="c">Denny Setiawan</subfield>
    </datafield>
    <datafield tag="250" ind1="#" ind2="#">
      <subfield code="a">1</subfield>
    </datafield>
    <datafield tag="260" ind1="#" ind2="#">
      <subfield code="a">Jakarta :</subfield>
      <subfield code="b">Pusbangkom Pimnas dan Manajerial ASN,</subfield>
      <subfield code="c">2022</subfield>
    </datafield>
    <datafield tag="300" ind1="#" ind2="#">
      <subfield code="a">117 halaman :</subfield>
      <subfield code="b">ilus ;</subfield>
      <subfield code="c">30 cm</subfield>
    </datafield>
    <datafield tag="650" ind1="#" ind2="4">
      <subfield code="a">Transformasi Digital</subfield>
    </datafield>
    <datafield tag="520" ind1="#" ind2="#">
      <subfield code="a">Lelang (auction) telah menjadi mekanisme dalam pemberian izin dalam penggunaan frekuensi dalam 30 tahun terakhir. Proses lelang merupakan suatu proses yang transparan, tidak memihak (impartial) dan efektif dalam memberikan izin penggunaan frekuensi radio secara paling efektif dalam mendorong kompetisi di dalam dunia telekomunikasi. Target Rencana Strategis Kementerian Kominfo 2020-2024 mengenai akumulasi penambahan frekuensi untuk layanan mobile broadband (internet seluler kecepatan tinggi) adalah mencapai 1310 Mhz pada tahun 2024.</subfield>
    </datafield>
    <datafield tag="990" ind1="#" ind2="#">
      <subfield code="a">017</subfield>
    </datafield>
  </record>
</collection>
